Normal view
MARC view
- روايات مترجمة
Entry Topical Term
001 - CONTROL NUMBER
- control field: 50250
003 - CONTROL NUMBER IDENTIFIER
- control field: JO-AjAnu
005 - DATE AND TIME OF LATEST TRANSACTION
- control field: 20230606082256.0
008 - FIXED-LENGTH DATA ELEMENTS
- fixed length control field: 230606|| aca||aabn | a|a d
040 ## - CATALOGING SOURCE
- Original cataloging agency: JO-AjAnu
- Transcribing agency: JO-AjAnu
150 ## - HEADING--TOPICAL TERM
- Topical term or geographic name entry element: روايات مترجمة
670 ## - SOURCE DATA FOUND
- Source citation: Work cat.: (JO-AjAnu)25691: إيشيجورو، كازو ؛ ترجمة هاله صلاح الدين حسين, author 50249, فنان من العالم الطليق: رواية